000 00634cam a22002293a 4500
001 24220
003 PGUSA
005 20140828083522.0
008 080108s2008||||xxu|||||s|||||000 1 eng d
040 _aPGUSA
_beng
042 _adc
050 4 _aPS
100 1 _aGarland, Hamlin,
_d1860-1940
245 1 4 _aThe Tyranny of the Dark
_h[electronic resource] /
_cHamlin Garland
260 _bProject Gutenberg,
_c2008
506 _aPublic domain in the USA.
516 _aElectronic text
653 _aSpiritualism -- Fiction
830 0 _aProject Gutenberg
_v24220
856 4 0 _uhttp://www.gutenberg.org/ebooks/24220
942 _cEB
999 _c253475
_d253475